03351cam a2200325 a 45000010005000000030006000050050017000110080041000280100017000690200018000860200027001040200015001310400040001460500015001860820011002011000018002122450088002302600034003183000025003525040051003775050412004285201758008406500038025986500029026369060045026659420015027109990015027259520141027409520144028815982FISKH20250408161224.0090603s2009 nyua b 001 0 eng  a 2009021862 a9781591842804 a9780241958223c$18.50  a1591842808 aDLCcDLCdBTCTAdC#PdVP@dDLCbeng aHD57 .S549 a658.4 1 aSinek, Simon.10aStart with why :bhow great leaders inspire everyone to take action /cSimon Sinek. aNew York :bPortfolio,c2009. a246 pages : c20 cm  aIncludes bibliographical references and index.0 aAssume you know -- Carrots and sticks -- The golden circle -- This is not opinion, this is biology -- Clarity, discipline, and consistency -- The emergence of trust -- How a tipping point tips -- Start with why, but know how -- Know why. Know how. Then what? -- Communication is not about speaking, it's about listening -- When why goes fuzzy -- Split happens -- The origins of a why -- The new competition. aWhy are some people and organizations more innovative, more influential, and more profitable than others? Why do some command greater loyalty from customers and employees alike? Even among the successful, why are so few able to repeat their successes over and over? People like Martin Luther King Jr., Steve Jobs, and the Wright Brothers might have little in com- mon, but they all started with why. Their natural ability to start with why enabled them to inspire those around them and to achieve remarkable things. In studying the leaders who've had the greatest influence in the world, Simon Sinek discovered that they all think, act, and communicate in the exact same way�and it's the complete opposite of what everyone else does. Sinek calls this powerful idea The Golden Circle, and it provides a framework upon which organizations can be built, movements can be led, and people can be inspired. And it all starts with WHY. Any organization can explain what it does; some can explain how they do it; but very few can clearly articulate why. WHY is not money or profit—those are always results. Why does your organization exist? Why does it do the things it does? Why do customers really buy from one company or another? Why are people loyal to some leaders, but not others? Starting with WHY works in big business and small business, in the nonprofit world and in politics. Those who start with WHY never manipulate, they inspire. And people follow them not because they have to; they follow because they want to. Drawing on a wide range of real-life stories, Sinek weaves together a clear vision of what it truly takes to lead and inspire. This book is for anyone who wants to inspire others or who wants to find someone to inspire them.  0aLeadership.2Personal Development 02InspirationvNon-fiction a7bcbccorignewd1eecipf20gy-gencatlg 2ddccBKn0 c5982d5982 00102ddc40708NFICa002b002cSNSd2025-02-18l5oSIN 658.4 HD57 .S549p2025-0598r2026-02-23 16:15:39s2026-01-22t2w2025-02-18yBK 00102ddc40708NFICa001b001cATKSNFd2025-02-18l3oSIN 658.4 HD57 .S549p2025-0599r2025-07-16 10:50:42s2025-06-30t1w2025-02-18yBK